[Event "Rapid 2018"]
[Site "Saint-Petersburg"]
[Date "2018.12.28"]
[Round "14"]
[Board "73"]
[White "Reshetnikov Alexey (RUS)"]
[Black "Kobo Ori (ISR)"]
[Result "1-0"]
[LiveChessVersion "1.4.8"]
[BlackElo "2442"]
[WhiteElo "2537"]

1. c4 {[%clk 0:15:18]} b6 {[%clk 0:15:16]} 2. Nf3 {[%clk 0:15:17]} Bb7
{[%clk 0:15:24]} 3. g3 {[%clk 0:15:25]} Bxf3 {[%clk 0:15:29]} 4. exf3
{[%clk 0:15:34]} c5 {[%clk 0:15:37]} 5. f4 {[%clk 0:15:32]} Nc6 {[%clk 0:15:39]}
6. Bg2 {[%clk 0:15:36]} Rc8 {[%clk 0:15:18]} 7. b3 {[%clk 0:15:25]} Nf6
{[%clk 0:13:56]} 8. Bb2 {[%clk 0:15:32]} e6 {[%clk 0:14:03]} 9. O-O
{[%clk 0:14:42]} Be7 {[%clk 0:13:22]} 10. Na3 {[%clk 0:12:59]} O-O
{[%clk 0:12:01]} 11. Nc2 {[%clk 0:11:59]} d5 {[%clk 0:12:08]} 12. d3
{[%clk 0:12:06]} Qd7 {[%clk 0:10:11]} 13. Qf3 {[%clk 0:11:28]} Rfd8
{[%clk 0:10:04]} 14. Rad1 {[%clk 0:11:25]} d4 {[%clk 0:08:14]} 15. Rfe1
{[%clk 0:11:19]} a6 {[%clk 0:08:04]} 16. g4 {[%clk 0:08:40]} b5 {[%clk 0:07:19]}
17. h4 {[%clk 0:07:58]} Ne8 {[%clk 0:06:27]} 18. Bc1 {[%clk 0:05:40]} Nd6
{[%clk 0:06:24]} 19. Bh3 {[%clk 0:05:07]} a5 {[%clk 0:06:06]} 20. Kh1
{[%clk 0:02:55]} a4 {[%clk 0:06:04]} 21. f5 exf5 {[%clk 0:04:37]} 22. gxf5
{[%clk 0:02:07]} Bf6 {[%clk 0:04:13]} 23. Bg5 {[%clk 0:02:15]} Kh8
{[%clk 0:02:56]} 24. Na3 {[%clk 0:01:43]} axb3 {[%clk 0:02:27]} 25. axb3
{[%clk 0:01:47]} Na5 {[%clk 0:02:12]} 26. Qf4 {[%clk 0:01:31]} Bxg5
{[%clk 0:01:01]} 27. hxg5 {[%clk 0:01:32]} Nxb3 {[%clk 0:00:52]} 28. Nxb5
{[%clk 0:01:05]} Nxb5 29. cxb5 f6 {[%clk 0:00:27]} 30. Re6 {[%clk 0:00:50]} Rf8
{[%clk 0:00:15]} 31. b6 {[%clk 0:00:51]} c4 {[%clk 0:00:15]} 32. dxc4
{[%clk 0:00:45]} Rxc4 {[%clk 0:00:13]} 33. Bg2 {[%clk 0:00:36]} Nc5
{[%clk 0:00:18]} 34. Rd6 {[%clk 0:00:21]} Qe7 {[%clk 0:00:21]} 35. gxf6
{[%clk 0:00:24]} gxf6 {[%clk 0:00:26]} 36. R6xd4 {[%clk 0:00:27]} Rc2
{[%clk 0:00:23]} 37. Qc7 {[%clk 0:00:19]} Qe2 {[%clk 0:00:12]} 38. Rd8
{[%clk 0:00:23]} Qh5+ {[%clk 0:00:13]} 39. Kg1 {[%clk 0:00:22]} Qh6
{[%clk 0:00:12]} 40. Rxf8+ {[%clk 0:00:29]} Qxf8 {[%clk 0:00:21]} 41. Rd8
{[%clk 0:00:31]} Rc1+ {[%clk 0:00:29]} 42. Kh2 {[%clk 0:00:36]} 1-0

[Event "Rapid 2018"]
[Site "Saint-Petersburg"]
[Date "2018.12.28"]
[Round "14"]
[Board "74"]
[White "Geller Jakov (RUS)"]
[Black "Christiansen Johan-Sebastian (NOR)"]
[Result "1-0"]
[LiveChessVersion "1.4.8"]
[BlackElo "2421"]
[WhiteElo "2530"]

1. e4 {[%clk 0:15:17]} e6 {[%clk 0:15:12]} 2. d4 {[%clk 0:15:25]} d5
{[%clk 0:15:19]} 3. Nc3 {[%clk 0:15:33]} Nf6 {[%clk 0:15:27]} 4. Bg5
{[%clk 0:15:38]} dxe4 {[%clk 0:15:25]} 5. Nxe4 {[%clk 0:15:45]} Be7
{[%clk 0:15:33]} 6. Bxf6 {[%clk 0:15:36]} gxf6 {[%clk 0:15:41]} 7. c3
{[%clk 0:15:25]} f5 {[%clk 0:15:43]} 8. Nd2 {[%clk 0:15:14]} c5 {[%clk 0:15:48]}
9. Ngf3 {[%clk 0:15:02]} Nc6 {[%clk 0:15:51]} 10. Bb5 {[%clk 0:14:40]} O-O
{[%clk 0:15:25]} 11. Bxc6 {[%clk 0:14:09]} bxc6 {[%clk 0:15:33]} 12. O-O
{[%clk 0:14:11]} Rb8 {[%clk 0:15:22]} 13. b3 {[%clk 0:14:11]} cxd4
{[%clk 0:15:10]} 14. Nxd4 {[%clk 0:14:10]} Qc7 {[%clk 0:15:08]} 15. Qh5
{[%clk 0:13:26]} Bf6 {[%clk 0:14:56]} 16. Rae1 {[%clk 0:13:06]} Kh8
{[%clk 0:13:24]} 17. Re3 {[%clk 0:12:33]} Rg8 {[%clk 0:13:34]} 18. Rfe1
{[%clk 0:12:25]} Bb7 {[%clk 0:13:05]} 19. Rg3 {[%clk 0:11:35]} c5
{[%clk 0:12:47]} 20. N4f3 {[%clk 0:11:42]} Rbd8 {[%clk 0:11:27]} 21. Nc4
{[%clk 0:11:17]} Be4 {[%clk 0:10:21]} 22. Ng5 {[%clk 0:10:38]} Bxg5
{[%clk 0:09:35]} 23. Rxg5 {[%clk 0:10:45]} Qf4 {[%clk 0:06:28]} 24. Rg3
{[%clk 0:10:43]} Rg6 {[%clk 0:04:57]} 25. Rxg6 {[%clk 0:09:35]} fxg6
{[%clk 0:05:06]} 26. Qe2 {[%clk 0:09:42]} Kg7 {[%clk 0:03:58]} 27. f3
{[%clk 0:08:30]} Bd5 {[%clk 0:04:03]} 28. Ne5 {[%clk 0:08:28]} Ba8
{[%clk 0:03:03]} 29. Nd3 {[%clk 0:07:30]} Qd6 {[%clk 0:03:12]} 30. Rd1
{[%clk 0:07:34]} Qa6 {[%clk 0:02:40]} 31. c4 {[%clk 0:04:50]} Qb6
{[%clk 0:01:52]} 32. Nf4 {[%clk 0:04:04]} Rxd1+ {[%clk 0:01:51]} 33. Qxd1
{[%clk 0:04:13]} Kh6 {[%clk 0:01:55]} 34. Qd2 {[%clk 0:04:09]} g5
{[%clk 0:01:37]} 35. Nh3 {[%clk 0:04:11]} f4 {[%clk 0:01:46]} 36. Nf2
{[%clk 0:04:18]} Kg6 {[%clk 0:00:59]} 37. Qd3+ {[%clk 0:04:12]} Kg7
{[%clk 0:01:06]} 38. Qd7+ {[%clk 0:04:00]} Kf8 {[%clk 0:00:30]} 39. Qc8+
{[%clk 0:03:49]} Kg7 {[%clk 0:00:13]} 40. Qxa8 {[%clk 0:03:48]} Qa5
{[%clk 0:00:21]} 41. Qe4 {[%clk 0:03:52]} Qxa2 {[%clk 0:00:27]} 42. h4
{[%clk 0:03:49]} Qxb3 {[%clk 0:00:30]} 43. hxg5 {[%clk 0:03:53]} a5
{[%clk 0:00:38]} 44. Qe5+ {[%clk 0:03:45]} Kf7 {[%clk 0:00:44]} 45. Qf6+
{[%clk 0:03:30]} Ke8 {[%clk 0:00:46]} 46. Qxe6+ {[%clk 0:03:37]} Kf8
{[%clk 0:00:55]} 47. Qf6+ {[%clk 0:03:42]} Ke8 {[%clk 0:01:03]} 48. Qh8+
{[%clk 0:03:49]} Kd7 {[%clk 0:01:07]} 49. Qxh7+ {[%clk 0:03:56]} Kc6
{[%clk 0:01:16]} 50. Qe4+ {[%clk 0:03:58]} Kb6 {[%clk 0:01:23]} 51. Qe6+
{[%clk 0:04:02]} Ka7 {[%clk 0:01:31]} 52. Qd7+ {[%clk 0:04:06]} Ka8
{[%clk 0:01:39]} 53. Qc8+ {[%clk 0:04:08]} 1-0

[Event "Rapid 2018"]
[Site "Saint-Petersburg"]
[Date "2018.12.28"]
[Round "14"]
[Board "75"]
[White "Khusnutdinov Rustam (KAZ)"]
[Black "Tissir Mohamed (MAR)"]
[Result "1/2-1/2"]
[LiveChessVersion "1.4.8"]
[BlackElo "2417"]
[WhiteElo "2530"]

1. e4 {[%clk 0:15:19]} c5 {[%clk 0:15:18]} 2. Nf3 {[%clk 0:15:28]} d6
{[%clk 0:15:26]} 3. d4 {[%clk 0:15:37]} cxd4 {[%clk 0:15:35]} 4. Qxd4
{[%clk 0:15:46]} Nd7 {[%clk 0:15:42]} 5. Be2 {[%clk 0:15:48]} Ngf6
{[%clk 0:15:43]} 6. O-O {[%clk 0:15:54]} a6 {[%clk 0:15:51]} 7. Rd1
{[%clk 0:15:44]} Qc7 {[%clk 0:15:59]} 8. c4 {[%clk 0:15:53]} e6 {[%clk 0:16:01]}
9. Nc3 {[%clk 0:16:01]} Be7 {[%clk 0:16:03]} 10. Bg5 {[%clk 0:10:43]} O-O
{[%clk 0:15:51]} 11. Bh4 {[%clk 0:10:51]} Ne5 {[%clk 0:13:31]} 12. Bxf6
{[%clk 0:10:23]} gxf6 {[%clk 0:13:40]} 13. Rac1 {[%clk 0:10:28]} Kh8
{[%clk 0:13:41]} 14. Qe3 {[%clk 0:10:33]} Rg8 {[%clk 0:13:47]} 15. Nd4
{[%clk 0:10:38]} Bd7 {[%clk 0:10:51]} 16. Kh1 {[%clk 0:09:38]} Rg7
{[%clk 0:10:56]} 17. f4 {[%clk 0:09:44]} Ng4 {[%clk 0:10:42]} 18. Qg1
{[%clk 0:07:49]} Rag8 {[%clk 0:10:42]} 19. Bf3 {[%clk 0:06:28]} Qc5
{[%clk 0:08:43]} 20. h3 {[%clk 0:06:21]} Nh6 {[%clk 0:05:54]} 21. Nde2
{[%clk 0:06:01]} Qc8 {[%clk 0:05:49]} 22. Qe3 {[%clk 0:02:09]} f5
{[%clk 0:05:40]} 23. e5 {[%clk 0:01:48]} dxe5 {[%clk 0:05:13]} 24. Qxe5
{[%clk 0:01:57]} f6 {[%clk 0:04:16]} 25. Qd4 {[%clk 0:01:28]} Be8
{[%clk 0:03:25]} 26. c5 {[%clk 0:00:36]} Bc6 {[%clk 0:03:22]} 27. Qf2
{[%clk 0:00:20]} Rxg2 {[%clk 0:00:24]} 28. Qxg2 {[%clk 0:00:18]} Rxg2
{[%clk 0:00:32]} 29. Bxg2 {[%clk 0:00:22]} Bxg2+ {[%clk 0:00:29]} 30. Kxg2
{[%clk 0:00:32]} Qc6+ {[%clk 0:00:30]} 31. Kh2 {[%clk 0:00:30]} Qf3
{[%clk 0:00:34]} 32. Rf1 {[%clk 0:00:25]} Qe3 {[%clk 0:00:30]} 33. b4
{[%clk 0:00:34]} Bd8 {[%clk 0:00:32]} 34. Rcd1 {[%clk 0:00:38]} Be7
{[%clk 0:00:22]} 35. Rd7 {[%clk 0:00:46]} Ng8 {[%clk 0:00:19]} 36. Rxb7 e5 37.
Rd7 {[%clk 0:00:32]} exf4 {[%clk 0:00:34]} 38. Rxf4 {[%clk 0:00:38]} Nh6
{[%clk 0:00:38]} 39. Kg2 {[%clk 0:00:37]} Qe6 {[%clk 0:00:44]} 40. Rd3
{[%clk 0:00:39]} Nf7 41. Nd4 {[%clk 0:00:19]} Qc4 {[%clk 0:01:02]} 42. Rdf3
{[%clk 0:00:27]} Ng5 {[%clk 0:00:50]} 43. Nxf5 Qe6 44. Re3 {[%clk 0:00:36]} Qc6+
{[%clk 0:01:07]} 45. Kh2 {[%clk 0:00:41]} Bf8 {[%clk 0:01:01]} 46. h4
{[%clk 0:00:34]} Nf7 {[%clk 0:01:06]} 47. Nd4 {[%clk 0:00:31]} Qd7
{[%clk 0:01:00]} 48. Kg2 {[%clk 0:00:26]} Bh6 {[%clk 0:01:02]} 49. Ref3
{[%clk 0:00:30]} Bxf4 50. Rxf4 Ne5 {[%clk 0:01:01]} 51. Nce2 {[%clk 0:00:45]} Ng6
{[%clk 0:01:03]} 52. Rxf6 {[%clk 0:00:20]} Qg4+ 53. Kf1 Nxh4 {[%clk 0:01:06]} 54.
Rf8+ {[%clk 0:00:24]} Kg7 {[%clk 0:01:15]} 55. Rf4 {[%clk 0:00:34]} Qh3+
{[%clk 0:01:11]} 56. Kf2 {[%clk 0:00:42]} Qh2+ {[%clk 0:01:13]} 57. Kf1
{[%clk 0:00:46]} Qh1+ {[%clk 0:00:41]} 58. Kf2 {[%clk 0:00:55]} Qh2+
{[%clk 0:00:37]} 59. Kf1 {[%clk 0:01:05]} Qh3+ {[%clk 0:00:23]} 60. Kf2
{[%clk 0:01:14]} Qh2+ 61. Kf1 Qh3+ 62. Kf2 Qh2+ {[%clk 0:00:32]} 63. Kf1 1/2-1/2

[Event "Rapid 2018"]
[Site "Saint-Petersburg"]
[Date "2018.12.28"]
[Round "14"]
[Board "76"]
[White "Sharma Dinesh K. (IND)"]
[Black "Zhigalko Andrey (BLR)"]
[Result "0-1"]
[LiveChessVersion "1.4.8"]
[BlackElo "2523"]
[WhiteElo "2388"]

1. e4 {[%clk 0:15:18]} c5 {[%clk 0:15:20]} 2. Nf3 {[%clk 0:15:26]} d6
{[%clk 0:15:29]} 3. d4 {[%clk 0:15:35]} cxd4 {[%clk 0:15:38]} 4. Nxd4
{[%clk 0:15:43]} Nf6 {[%clk 0:15:47]} 5. Nc3 {[%clk 0:15:52]} a6 {[%clk 0:15:56]}
6. Be3 {[%clk 0:15:59]} e6 {[%clk 0:16:00]} 7. f3 {[%clk 0:15:31]} b5
{[%clk 0:16:09]} 8. Qd2 {[%clk 0:15:39]} Nbd7 {[%clk 0:16:13]} 9. a3
{[%clk 0:14:25]} Bb7 {[%clk 0:15:32]} 10. g4 {[%clk 0:14:32]} Nb6
{[%clk 0:15:07]} 11. Qf2 {[%clk 0:13:40]} Nfd7 {[%clk 0:15:02]} 12. O-O-O
{[%clk 0:13:20]} Rc8 {[%clk 0:15:01]} 13. Bd3 {[%clk 0:12:23]} Rxc3
{[%clk 0:14:50]} 14. bxc3 {[%clk 0:12:31]} d5 {[%clk 0:14:06]} 15. Kd2
{[%clk 0:12:22]} Bxa3 {[%clk 0:13:36]} 16. Rb1 {[%clk 0:11:41]} O-O
{[%clk 0:13:19]} 17. g5 {[%clk 0:11:25]} dxe4 {[%clk 0:12:11]} 18. fxe4
{[%clk 0:11:30]} Nc5 {[%clk 0:10:47]} 19. Qh4 {[%clk 0:11:05]} e5
{[%clk 0:09:15]} 20. Nf5 {[%clk 0:11:13]} Nc4+ {[%clk 0:08:28]} 21. Ke2
{[%clk 0:11:12]} Nxe3 {[%clk 0:08:29]} 22. Nxe3 {[%clk 0:11:06]} Ne6
{[%clk 0:06:32]} 23. Rhg1 {[%clk 0:11:08]} Nf4+ {[%clk 0:05:14]} 24. Kf3
{[%clk 0:11:09]} Nxd3 {[%clk 0:03:52]} 25. cxd3 {[%clk 0:11:18]} Qxd3
{[%clk 0:03:35]} 26. Rgd1 {[%clk 0:11:26]} Qxc3 {[%clk 0:03:39]} 27. Ke2
{[%clk 0:11:31]} Qc6 {[%clk 0:02:16]} 28. Rb3 {[%clk 0:08:37]} Be7
{[%clk 0:01:59]} 29. Rd5 {[%clk 0:07:36]} h6 {[%clk 0:01:36]} 30. Rxe5
{[%clk 0:06:20]} Bxg5 {[%clk 0:01:39]} 31. Qg3 {[%clk 0:06:22]} Rd8
{[%clk 0:00:35]} 32. Rd5 {[%clk 0:06:08]} Re8 {[%clk 0:00:33]} 33. Re5
{[%clk 0:05:28]} Rxe5 {[%clk 0:00:38]} 34. Qxe5 {[%clk 0:05:37]} Qxe4
{[%clk 0:00:44]} 35. Qxe4 {[%clk 0:05:24]} Bxe4 {[%clk 0:00:53]} 36. Ra3
{[%clk 0:05:33]} Bb7 {[%clk 0:00:49]} 37. Nf5 {[%clk 0:05:41]} g6
{[%clk 0:00:36]} 38. Nd6 {[%clk 0:05:32]} Be7 {[%clk 0:00:35]} 39. Rd3
{[%clk 0:05:41]} Bc6 {[%clk 0:00:27]} 40. Nc8 {[%clk 0:05:37]} Bg5
{[%clk 0:00:24]} 41. Rd6 {[%clk 0:05:13]} Bb7 {[%clk 0:00:25]} 42. Nb6
{[%clk 0:05:17]} b4 {[%clk 0:00:20]} 43. Na4 {[%clk 0:05:14]} Kg7
{[%clk 0:00:12]} 44. Rb6 {[%clk 0:05:15]} Bc8 {[%clk 0:00:15]} 45. Rxb4
{[%clk 0:05:19]} Bd7 {[%clk 0:00:16]} 46. Nb6 {[%clk 0:05:18]} Bb5+
{[%clk 0:00:23]} 47. Kf3 {[%clk 0:05:12]} f5 {[%clk 0:00:19]} 48. Na4
{[%clk 0:04:39]} Be7 {[%clk 0:00:20]} 49. Rd4 {[%clk 0:04:44]} Bf6
{[%clk 0:00:17]} 50. Rb4 {[%clk 0:04:48]} g5 {[%clk 0:00:22]} 51. h3
{[%clk 0:04:57]} h5 {[%clk 0:00:27]} 52. Nb2 {[%clk 0:04:27]} Be5
{[%clk 0:00:13]} 53. Nc4 {[%clk 0:04:29]} g4+ {[%clk 0:00:22]} 54. hxg4
{[%clk 0:04:37]} hxg4+ {[%clk 0:00:30]} 55. Kg2 {[%clk 0:04:36]} Bc3
{[%clk 0:00:16]} 56. Rb3 {[%clk 0:04:41]} Bd4 {[%clk 0:00:19]} 57. Nd6
{[%clk 0:04:38]} Bc6+ {[%clk 0:00:21]} 58. Kf1 {[%clk 0:04:47]} Kf6
{[%clk 0:00:16]} 59. Rb4 {[%clk 0:04:43]} Be3 {[%clk 0:00:14]} 60. Rc4
{[%clk 0:04:44]} Bd5 {[%clk 0:00:12]} 61. Ra4 {[%clk 0:04:45]} f4
{[%clk 0:00:17]} 62. Rxa6 {[%clk 0:04:53]} Ke5 {[%clk 0:00:21]} 63. Nb5
{[%clk 0:04:47]} g3 {[%clk 0:00:15]} 64. Rg6 {[%clk 0:04:45]} Kf5
{[%clk 0:00:15]} 65. Rg7 {[%clk 0:04:21]} Bc4+ {[%clk 0:00:22]} 66. Kg2
{[%clk 0:04:30]} Bxb5 {[%clk 0:00:29]} 67. Rf7+ {[%clk 0:04:34]} Ke6
{[%clk 0:00:27]} 68. Rc7 {[%clk 0:04:40]} Kd6 {[%clk 0:00:32]} 69. Rc3
{[%clk 0:04:42]} Bc6+ {[%clk 0:00:40]} 70. Kh3 {[%clk 0:04:47]} g2
{[%clk 0:00:34]} 0-1

[Event "Rapid 2018"]
[Site "Saint-Petersburg"]
[Date "2018.12.28"]
[Round "14"]
[Board "77"]
[White "Pershin Denis (RUS)"]
[Black "Mikhalevski Victor (ISR)"]
[Result "0-1"]
[LiveChessVersion "1.4.8"]
[BlackElo "2516"]
[WhiteElo "2353"]

1. d4 {[%clk 0:15:19]} Nf6 {[%clk 0:15:19]} 2. Nc3 {[%clk 0:15:28]} d5
{[%clk 0:15:27]} 3. Bf4 {[%clk 0:15:37]} c5 {[%clk 0:15:15]} 4. e3
{[%clk 0:15:46]} Bg4 {[%clk 0:15:21]} 5. f3 {[%clk 0:15:49]} Bd7 {[%clk 0:15:28]}
6. dxc5 {[%clk 0:14:25]} Qa5 {[%clk 0:14:21]} 7. Qd2 {[%clk 0:14:33]} Qxc5
{[%clk 0:14:26]} 8. O-O-O {[%clk 0:14:41]} Nc6 {[%clk 0:13:30]} 9. Nxd5
{[%clk 0:14:03]} Qxd5 {[%clk 0:13:31]} 10. Qxd5 {[%clk 0:14:11]} Nxd5
{[%clk 0:13:40]} 11. Rxd5 {[%clk 0:14:20]} e5 {[%clk 0:13:49]} 12. Bg3
{[%clk 0:14:12]} Be6 {[%clk 0:13:58]} 13. Rb5 {[%clk 0:12:29]} O-O-O
{[%clk 0:14:01]} 14. c4 {[%clk 0:12:17]} Bb4 {[%clk 0:13:04]} 15. Rxb4
{[%clk 0:09:07]} Nxb4 {[%clk 0:13:10]} 16. Bxe5 {[%clk 0:09:16]} Nxa2+
{[%clk 0:12:36]} 17. Kc2 {[%clk 0:09:25]} Nb4+ {[%clk 0:11:24]} 18. Kc3
{[%clk 0:09:34]} Na2+ {[%clk 0:09:42]} 19. Kc2 {[%clk 0:09:08]} Nb4+
{[%clk 0:08:55]} 20. Kc3 {[%clk 0:09:16]} Rd1 {[%clk 0:08:58]} 21. Ne2
{[%clk 0:06:38]} f6 {[%clk 0:08:21]} 22. Bd4 {[%clk 0:05:59]} a5 {[%clk 0:08:16]}
23. Ng3 {[%clk 0:05:18]} Rc1+ {[%clk 0:07:03]} 24. Kb3 {[%clk 0:04:51]} b5
{[%clk 0:06:54]} 25. Be2 {[%clk 0:04:59]} Rc2 {[%clk 0:05:10]} 26. Ka3
{[%clk 0:05:08]} Kb7 {[%clk 0:03:43]} 27. cxb5 {[%clk 0:04:48]} Rhc8
{[%clk 0:03:25]} 28. Rd1 {[%clk 0:03:25]} Rc1 {[%clk 0:03:12]} 29. Ka4
{[%clk 0:02:53]} Rxd1 {[%clk 0:03:05]} 30. Bxd1 {[%clk 0:03:02]} Rc1
{[%clk 0:03:14]} 31. Kxa5 {[%clk 0:03:12]} Nd3 {[%clk 0:02:35]} 32. Ba4
{[%clk 0:03:03]} Rc8 {[%clk 0:02:43]} 33. b6 {[%clk 0:02:55]} Bc4
{[%clk 0:02:49]} 0-1

[Event "Rapid 2018"]
[Site "Saint-Petersburg"]
[Date "2018.12.28"]
[Round "14"]
[Board "78"]
[White "Anisimov Pavel (RUS)"]
[Black "Anikonov Dmitry (RUS)"]
[Result "0-1"]
[LiveChessVersion "1.4.8"]
[BlackElo "2413"]
[WhiteElo "2513"]

1. d4 {[%clk 0:15:18]} e6 {[%clk 0:15:19]} 2. Nf3 {[%clk 0:15:25]} d5
{[%clk 0:15:24]} 3. Bf4 {[%clk 0:15:32]} Nf6 {[%clk 0:15:13]} 4. e3
{[%clk 0:15:40]} Bd6 {[%clk 0:15:15]} 5. Bg3 {[%clk 0:15:48]} O-O
{[%clk 0:15:17]} 6. Nbd2 {[%clk 0:15:47]} c5 {[%clk 0:15:00]} 7. c3
{[%clk 0:15:55]} Nc6 {[%clk 0:14:55]} 8. Bd3 {[%clk 0:16:04]} Qe7
{[%clk 0:14:02]} 9. Ne5 {[%clk 0:16:12]} Nd7 {[%clk 0:13:05]} 10. Nxd7
{[%clk 0:16:18]} Bxd7 {[%clk 0:13:07]} 11. Bxd6 {[%clk 0:16:25]} Qxd6
{[%clk 0:13:15]} 12. dxc5 {[%clk 0:16:33]} Qxc5 {[%clk 0:13:05]} 13. Bxh7+
{[%clk 0:16:40]} Kxh7 {[%clk 0:11:56]} 14. Qh5+ {[%clk 0:16:48]} Kg8 15. Ne4 Qc4
{[%clk 0:10:55]} 16. Ng5 {[%clk 0:16:41]} Rfd8 {[%clk 0:10:06]} 17. Qxf7+
{[%clk 0:16:48]} Kh8 {[%clk 0:10:15]} 18. Qh5+ {[%clk 0:15:47]} Kg8 19. Qf7+
{[%clk 0:12:49]} Kh8 {[%clk 0:10:31]} 20. Rd1 {[%clk 0:12:56]} Qh4
{[%clk 0:08:16]} 21. Nxe6 {[%clk 0:11:57]} Bxe6 {[%clk 0:08:12]} 22. Qxe6
{[%clk 0:12:06]} Re8 {[%clk 0:07:54]} 23. Qh3 {[%clk 0:12:02]} Qxh3
{[%clk 0:07:43]} 24. gxh3 {[%clk 0:12:11]} Rad8 {[%clk 0:07:52]} 25. Kf1
{[%clk 0:11:41]} Re5 {[%clk 0:07:40]} 26. Rg1 {[%clk 0:11:43]} Rf8
{[%clk 0:07:42]} 27. Rg3 {[%clk 0:11:30]} Ref5 {[%clk 0:07:47]} 28. Rd2
{[%clk 0:11:28]} Ne5 {[%clk 0:07:51]} 29. Kg2 {[%clk 0:10:53]} Nc4
{[%clk 0:07:45]} 30. Re2 {[%clk 0:11:00]} Nd6 {[%clk 0:07:50]} 31. f3
{[%clk 0:09:49]} R8f6 {[%clk 0:07:39]} 32. h4 {[%clk 0:09:08]} Rh5
{[%clk 0:07:20]} 33. Rg5 {[%clk 0:08:40]} Rf5 {[%clk 0:07:25]} 34. Rxh5+
{[%clk 0:08:17]} Rxh5 {[%clk 0:07:33]} 35. Kg3 {[%clk 0:08:02]} g6
{[%clk 0:07:28]} 36. Rd2 {[%clk 0:06:16]} Nf5+ {[%clk 0:06:59]} 37. Kf4
{[%clk 0:06:16]} Rxh4+ {[%clk 0:06:13]} 38. Kg5 {[%clk 0:06:16]} Kg7
{[%clk 0:05:53]} 39. e4 {[%clk 0:06:17]} Rh5+ {[%clk 0:05:42]} 40. Kf4
{[%clk 0:06:12]} Ne7 {[%clk 0:05:41]} 41. c4 {[%clk 0:05:33]} dxe4
{[%clk 0:04:56]} 42. Rd7 {[%clk 0:05:34]} Kf6 {[%clk 0:05:02]} 43. Kxe4
{[%clk 0:05:20]} Nf5 {[%clk 0:03:57]} 44. c5 {[%clk 0:04:39]} Rxh2
{[%clk 0:02:34]} 45. Rxb7 {[%clk 0:04:47]} Rd2 {[%clk 0:02:42]} 46. f4
{[%clk 0:04:40]} Rd4+ {[%clk 0:02:48]} 47. Kf3 {[%clk 0:04:50]} Rc4
{[%clk 0:02:44]} 48. Rxa7 {[%clk 0:04:36]} Nd4+ {[%clk 0:02:35]} 49. Ke3
{[%clk 0:04:18]} Ne6 {[%clk 0:02:44]} 50. Ra6 {[%clk 0:03:30]} Rxc5
{[%clk 0:02:50]} 51. a4 {[%clk 0:03:33]} Rc4 {[%clk 0:02:39]} 52. a5
{[%clk 0:02:41]} Ra4 {[%clk 0:02:37]} 53. Kd3 {[%clk 0:02:02]} Kf5
{[%clk 0:02:41]} 54. Kc3 {[%clk 0:01:56]} Nxf4 {[%clk 0:02:41]} 55. b3
{[%clk 0:01:34]} Nd5+ {[%clk 0:02:31]} 56. Kb2 {[%clk 0:01:43]} Re4
{[%clk 0:01:42]} 57. Rd6 {[%clk 0:01:21]} Nc7 {[%clk 0:01:51]} 58. Rd7
{[%clk 0:00:40]} Na6 {[%clk 0:01:41]} 59. Ra7 {[%clk 0:00:32]} Re6
{[%clk 0:01:44]} 60. Kc3 {[%clk 0:00:35]} Rc6+ {[%clk 0:01:46]} 61. Kd4
{[%clk 0:00:39]} g5 {[%clk 0:01:54]} 62. Rf7+ {[%clk 0:00:37]} Rf6
{[%clk 0:01:44]} 63. Rb7 {[%clk 0:00:39]} g4 {[%clk 0:01:51]} 64. Ke3
{[%clk 0:00:36]} Re6+ {[%clk 0:01:25]} 65. Kf2 {[%clk 0:00:45]} Nc5
{[%clk 0:01:14]} 66. Rb5 {[%clk 0:00:30]} Re5 {[%clk 0:01:23]} 67. Kg2
{[%clk 0:00:30]} Na6 {[%clk 0:00:59]} 68. Rb6 {[%clk 0:00:24]} Rxa5
{[%clk 0:01:02]} 69. Kg3 {[%clk 0:00:26]} Nc5 {[%clk 0:01:09]} 70. Rb8
{[%clk 0:00:15]} Ne4+ {[%clk 0:01:18]} 71. Kg2 {[%clk 0:00:25]} Ra2+
{[%clk 0:01:25]} 72. Kg1 {[%clk 0:00:32]} Kf4 {[%clk 0:01:33]} 73. Rd8
{[%clk 0:00:35]} Ng5 {[%clk 0:01:34]} 74. b4 {[%clk 0:00:35]} Nf3+
{[%clk 0:01:43]} 75. Kf1 {[%clk 0:00:44]} 0-1

[Event "Rapid 2018"]
[Site "Saint-Petersburg"]
[Date "2018.12.28"]
[Round "14"]
[Board "79"]
[White "Makoveev Ilya (RUS)"]
[Black "Belozerov Andrei (RUS)"]
[Result "1-0"]
[LiveChessVersion "1.4.8"]
[BlackElo "2511"]
[WhiteElo "2173"]

1. e4 c6 2. d4 {[%clk 0:15:26]} d5 {[%clk 0:15:29]} 3. f3 {[%clk 0:15:35]} dxe4
{[%clk 0:15:24]} 4. fxe4 {[%clk 0:15:44]} e5 {[%clk 0:15:32]} 5. Nf3
{[%clk 0:15:52]} Bg4 {[%clk 0:15:41]} 6. Bc4 {[%clk 0:15:18]} Nd7
{[%clk 0:15:49]} 7. c3 {[%clk 0:13:13]} b5 {[%clk 0:15:02]} 8. Bb3
{[%clk 0:10:05]} Ngf6 {[%clk 0:15:04]} 9. O-O {[%clk 0:09:49]} Bd6
{[%clk 0:15:05]} 10. Bg5 {[%clk 0:07:40]} O-O {[%clk 0:14:49]} 11. Nbd2
{[%clk 0:07:45]} Qc7 {[%clk 0:13:31]} 12. Qe1 {[%clk 0:06:09]} Bh5
{[%clk 0:13:05]} 13. Qh4 {[%clk 0:05:24]} Bg6 {[%clk 0:13:04]} 14. Rae1
{[%clk 0:04:22]} Rae8 {[%clk 0:12:32]} 15. Kh1 {[%clk 0:03:31]} c5
{[%clk 0:11:35]} 16. dxe5 {[%clk 0:02:49]} Bxe5 {[%clk 0:09:23]} 17. Nxe5
{[%clk 0:02:55]} Rxe5 {[%clk 0:08:10]} 18. Bf4 {[%clk 0:02:59]} c4
{[%clk 0:08:17]} 19. Bc2 {[%clk 0:02:49]} Qb7 {[%clk 0:06:50]} 20. Bxe5
{[%clk 0:02:54]} Nxe5 {[%clk 0:06:59]} 21. Nf3 {[%clk 0:01:36]} Nd3
{[%clk 0:06:47]} 22. Bxd3 {[%clk 0:01:35]} cxd3 {[%clk 0:06:56]} 23. Nd2
{[%clk 0:00:58]} Re8 {[%clk 0:05:15]} 24. Rf3 {[%clk 0:00:26]} Bxe4
{[%clk 0:03:23]} 25. Rxf6 {[%clk 0:00:22]} Bxg2+ {[%clk 0:02:31]} 26. Kg1
{[%clk 0:00:32]} Rxe1+ {[%clk 0:01:51]} 27. Qxe1 {[%clk 0:00:41]} gxf6
{[%clk 0:01:58]} 28. Qg3+ {[%clk 0:00:50]} Kf8 {[%clk 0:01:52]} 29. Qxg2
{[%clk 0:00:59]} Qb6+ {[%clk 0:01:47]} 30. Kf1 {[%clk 0:00:43]} Qe6
{[%clk 0:01:49]} 31. Qa8+ {[%clk 0:00:42]} Kg7 {[%clk 0:01:55]} 32. Qg2+
{[%clk 0:00:51]} Kf8 {[%clk 0:02:03]} 33. Nb3 {[%clk 0:00:33]} Qe3
{[%clk 0:01:48]} 34. Qf2 {[%clk 0:00:31]} Qe4 {[%clk 0:01:47]} 35. Nd2
{[%clk 0:00:24]} Qa4 {[%clk 0:01:03]} 36. a3 {[%clk 0:00:15]} Qd1+
{[%clk 0:01:12]} 37. Qe1 {[%clk 0:00:23]} Qg4 {[%clk 0:01:18]} 38. Ne4
{[%clk 0:00:11]} Qh3+ {[%clk 0:01:13]} 39. Kg1 {[%clk 0:00:17]} Qg4+
{[%clk 0:01:17]} 40. Ng3 {[%clk 0:00:15]} h5 {[%clk 0:01:14]} 41. Qe4
{[%clk 0:00:15]} Qd1+ {[%clk 0:01:21]} 42. Nf1 {[%clk 0:00:19]} Qe2
{[%clk 0:01:11]} 43. Qd4 {[%clk 0:00:13]} Kg7 {[%clk 0:00:56]} 44. b4
{[%clk 0:00:15]} Kg6 {[%clk 0:00:34]} 45. Qf2 {[%clk 0:00:18]} a6
{[%clk 0:00:28]} 46. Ne3 {[%clk 0:00:17]} Qxf2+ {[%clk 0:00:11]} 47. Kxf2
{[%clk 0:00:26]} Kg5 {[%clk 0:00:20]} 48. Kg3 {[%clk 0:00:24]} f5
{[%clk 0:00:26]} 49. h4+ {[%clk 0:00:33]} Kf6 {[%clk 0:00:35]} 50. Kf4
{[%clk 0:00:31]} d2 {[%clk 0:00:44]} 51. Kf3 {[%clk 0:00:36]} Ke5
{[%clk 0:00:53]} 52. Ke2 {[%clk 0:00:45]} f4 {[%clk 0:01:01]} 53. Nf1
{[%clk 0:00:46]} Kf5 {[%clk 0:01:08]} 54. Nxd2 {[%clk 0:00:53]} Kg4
{[%clk 0:01:17]} 55. Nf3 {[%clk 0:00:51]} Kg3 {[%clk 0:01:25]} 56. Ne5
{[%clk 0:00:49]} f6 {[%clk 0:01:26]} 57. Nf3 {[%clk 0:00:56]} Kg2
{[%clk 0:01:32]} 58. Nd2 {[%clk 0:00:36]} Kg3 {[%clk 0:01:41]} 59. c4
{[%clk 0:00:29]} f3+ {[%clk 0:00:56]} 60. Nxf3 bxc4 61. a4 {[%clk 0:00:39]} c3
{[%clk 0:01:15]} 62. Nd4 {[%clk 0:00:44]} Kf4 {[%clk 0:01:22]} 63. Kd3
{[%clk 0:00:49]} Ke5 {[%clk 0:01:26]} 64. Kxc3 {[%clk 0:00:54]} f5
{[%clk 0:01:35]} 65. Nxf5 {[%clk 0:00:44]} Kxf5 {[%clk 0:01:44]} 66. b5
{[%clk 0:00:53]} axb5 {[%clk 0:01:52]} 67. a5 {[%clk 0:01:01]} Kg4
{[%clk 0:02:00]} 68. a6 {[%clk 0:01:10]} 1-0